Библиография Победы

“Убежден: опыт солидарности, партнерства в годы борьбы с общей угрозой — это наше бесценное наследие, прочная опора именно сейчас, когда набирает силу необратимое движение к более справедливому многополярному миру, основанному на принципах доверия и неделимой безопасности, равных возможностей для самобытного и свободного развития всех стран и народов.”

В.В. Путин

Дагестан (Запись № 88917)

Подробности
000 -МАРКЕР
контрольное поле 03540nkm0a2200541 4500
001 - ИДЕНТИФИКАТОР ЗАПИСИ
контрольное поле RU\NLR\BIBL_A\022644229
005 - ИДЕНТИФИКАТОР ВЕРСИИ
контрольное поле 20251202113210.0
035 ## - ДРУГИЕ СИСТЕМНЫЕ НОМЕРА
Идентификатор записи (NLR Aleph) 022644229
071 50 - ИЗДАТЕЛЬСКИЙ НОМЕР
Цена 5 к.
-- 1000
100 ## - ДАННЫЕ ОБЩЕЙ ОБРАБОТКИ
Данные общей обработки 20251015d1930 u y0rusy50 ca
101 0# - ЯЗЫК РЕСУРСА
Язык текста, звукозаписи и т.д. русский
102 ## - СТРАНА ПУБЛИКАЦИИ ИЛИ ПРОИЗВОДСТВА
Страна публикации российская федерация
116 ## - ПОЛЕ КОДИРОВАННЫХ ДАННЫХ: ИЗОБРАЗИТЕЛЬНЫЕ МАТЕРИАЛЫ
Кодированные данные для изобразительных материалов. diybxx zz ae
135 ## - ПОЛЕ КОДИРОВАННЫХ ДАННЫХ: ЭЛЕКТРОННЫЕ РЕСУРСЫ
Кодированные данные для электронного ресурса crcn 024anaba
181 #0 - ПОЛЕ КОДИРОВАННЫХ ДАННЫХ: ВИД СОДЕРЖАНИЯ
Код вида содержания (ISBD) b4
Код характеристики содержания (ISBD) xb2e
182 #0 - ПОЛЕ КОДИРОВАННЫХ ДАННЫХ: ТИП СРЕДСТВА
Код типа средства (ISBD) n - непосредственное
200 1# - ЗАГЛАВИЕ И СВЕДЕНИЯ ОБ ОТВЕТСТВЕННОСТИ
Основное заглавие Дагестан
Обозначение и номер части № 4
Наименование части Г. Буйнакск. Буйнакская улица
Сведения, относящиеся к заглавию почтовая карточка
203 ## - ВИД СОДЕРЖАНИЯ И ТИП СРЕДСТВА
Вид содержания Изображение
Дополнительные сведения об издании неподвижное
-- двухмерное
-- визуальное
Тип средства непосредственное
210 ## - ПУБЛИКАЦИЯ, РАСПРОСТРАНЕНИЕ И ДР.
Место издания, распространения и т.д. [Москва]
Имя издателя, распространителя и т. д. ГИЗ
Дата издания, распространения и т.д. [1930?
Место изготовления Москва]
Имя изготовителя Фотот. пр.-к. т-ва "Артель фототипов"
215 ## - ФИЗИЧЕСКАЯ ХАРАКТЕРИСТИКА
Специфическое обозначение материала и объем 1 л.
Другие сведения о физической характеристике фототип.
Размеры 10,6х14,7
300 ## - ОБЩИЕ ПРИМЕЧАНИЯ
Текст примечания На адрес. стороне изд. марка - источник сведений о наименовании издателя
300 ## - ОБЩИЕ ПРИМЕЧАНИЯ
Текст примечания Ценз. разрешение: Главлит № А-81157
300 ## - ОБЩИЕ ПРИМЕЧАНИЯ
Текст примечания В вып. дан.: Хро-Гиз № 301
325 ## - ПРИМЕЧАНИЕ О КОПИИ
Текст примечания Копия доступна в Электрон. б-ке РНБ
532 12 - РАСШИРЕННОЕ ЗАГЛАВИЕ
Заглавие Дагестан. Город Буйнакск. Буйнакская улица
606 1# - НАИМЕНОВАНИЕ ТЕМЫ КАК ПРЕДМЕТ
Наименование темы Почтовые открытки маркированные художественные
Географический подзаголовок СССР
Хронологический подзаголовок 1917 - 1941
Код системы nlr_sh2
Идентификатор авторитетной/нормативной записи RU\NLR\AUTH\6601555037
606 1# - НАИМЕНОВАНИЕ ТЕМЫ КАК ПРЕДМЕТ
Наименование темы Фотографические открытки
Код системы nlr_sh2
Идентификатор авторитетной/нормативной записи RU\NLR\AUTH\661600135
610 1# - НЕКОНТРОЛИРУЕМЫЕ ПРЕДМЕТНЫЕ ТЕРМИНЫ
Предметный термин Видовые открытки
617 ## - ИЕРАРХИЧЕСКОЕ ГЕОГРАФИЧЕСКОЕ НАЗВАНИЕ, ИСПОЛЬЗУЕМОЕ КАК ПРЕДМЕТ
Страна
Республика / штат / провинция и т.п. Дагестанская АССР
Город Буйнакск, город
Район города и т.п. Буйнакская улица
686 0# - ИНДЕКСЫ ДРУГИХ КЛАССИФИКАЦИЙ
Индекс Щ153(2)7-489
712 02 - НАИМЕНОВАНИЕ ОРГАНИЗАЦИИ - ВТОРИЧНАЯ ОТВЕТСТВЕННОСТЬ
Начальный элемент ввода Государственное издательство РСФСР
Идентификатор авторитетной/нормативной записи RU\NLR\AUTH\8810050489
Код отношения Издатель
712 02 - НАИМЕНОВАНИЕ ОРГАНИЗАЦИИ - ВТОРИЧНАЯ ОТВЕТСТВЕННОСТЬ
Начальный элемент ввода "Артель фототипов", промысловое кооперативное товарищество
Идентифицирующий признак Москва
Структурное подразделение Фототипия
Идентификатор авторитетной/нормативной записи RU\NLR\AUTH\880372943
Код отношения Печатник (типограф)
830 ## - ОБЩЕЕ ПРИМЕЧАНИЕ, СОСТАВЛЕННОЕ КАТАЛОГИЗАТОРОМ
Текст примечания Экз. РНБ на шифре Э ОТ63/Б905, инв.66216: на адресной стороне штамп, содержащий год поступления в РНБ: Г.П.Б-ка обяз. экз. Лнгр 1931 год Акт №. АЯ ОЭФ
830 ## - ОБЩЕЕ ПРИМЕЧАНИЕ, СОСТАВЛЕННОЕ КАТАЛОГИЗАТОРОМ
Текст примечания Датировка открытки - по году ликвидации ГИЗа. "Государственное издательство РСФСР ... Основано в 1919 году в Москве. Ликвидировано в 1930 году. ... 8 октября 1930 года трест был преобразован в «Объединение государственных книжно-журнальных издательств»": https://ru.wikipedia.org/wiki/Государственное_издательство_РСФСР (22.11.2023). АЯ ОЭФ
852 00 - МЕСТОНАХОЖДЕНИЕ И ШИФР ХРАНЕНИЯ
Идентификатор организации NLR
Наименование фонда или коллекции (Sub-Location Identifier) Э
Шифр хранения (Call Number) ОТ63/Б905
Идентификатор единицы инв.66216
856 #0 - МЕСТОНАХОЖДЕНИЕ ЭЛЕКТРОННЫХ РЕСУРОВ И ДОСТУП К НИМ
Универсальный идентификатор ресурса (Uniform Resource Identifier) https://vivaldi.nlr.ru/lo500030005/view
856 #1 - МЕСТОНАХОЖДЕНИЕ ЭЛЕКТРОННЫХ РЕСУРОВ И ДОСТУП К НИМ
Универсальный идентификатор ресурса (Uniform Resource Identifier) https://vivaldi.nlr.ru/lo500030005/cover
856 #2 - МЕСТОНАХОЖДЕНИЕ ЭЛЕКТРОННЫХ РЕСУРОВ И ДОСТУП К НИМ
Универсальный идентификатор ресурса (Uniform Resource Identifier) https://vivaldi.nlr.ru/lo500030005/text
942 ## - ДОПОЛНИТЕЛЬНЫЕ ЭЛЕМЕНТЫ ЗАПИСИ (АБИС)
Тип экземпляра АБИС Визуальный материал
945 ## - Информацию об издании предоставили:
Полное название организации, предоставившей материал Российская национальная библиотека
980 ## - КОЛЛЕКЦИЯ
Название коллекции Библиография Победы
980 ## - КОЛЛЕКЦИЯ
Название коллекции Национальная библиография
981 17 - КОЛЛЕКЦИЯ ЭЛЕКТРОННОЙ БИБЛИОТЕКИ
Название коллекции Изографические материалы
Название подколлекции Открытки

Нет доступных экземпляров.